Porovnanie konvergencie vybraných ekonomických ukazovateľov Slovenskej a Českej republiky

Obsahové vymedzenie pojmu nominálna konvergencia. Maastrichtské kritériá. Porovnanie cenovej stability v Česku a na Slovensku. Vývoj indexu spotrebiteľských cien. Vývoj a predikcia rozpočtového deficitu ČR a SR. Prehľad plnenia Maastrichtských kritériíí pre ČR a SR. Reálna konvergencia. Vývoj HDP n...

Ausführliche Beschreibung

Gespeichert in:
Bibliographische Detailangaben
1. Verfasser: Brezina, Ivan, 1963-
Weitere Verfasser: Gertler, Pavel
Format: Buchkapitel
Sprache:Slowakisch
Schlagworte:
Tags: Tag hinzufügen
Keine Tags, Fügen Sie das erste Tag hinzu!

MARC

LEADER 00000naa$a2200000$$$4500
001 0008717
005 20240502071354.1
041 0 |a slo 
044 |a SK 
245 1 0 |a Porovnanie konvergencie vybraných ekonomických ukazovateľov Slovenskej a Českej republiky  |c aut. Ivan Brezina, Pavel Gertler 
520 |a Obsahové vymedzenie pojmu nominálna konvergencia. Maastrichtské kritériá. Porovnanie cenovej stability v Česku a na Slovensku. Vývoj indexu spotrebiteľských cien. Vývoj a predikcia rozpočtového deficitu ČR a SR. Prehľad plnenia Maastrichtských kritériíí pre ČR a SR. Reálna konvergencia. Vývoj HDP na jedného obyvateľa v ČR a SR. Vývoj produktivity práce. Vzťah nominálnej a reálnej konvergencie. Komparatívne zhodnotenie konvergencie. 
610 2 0 |a konvergencia 
610 2 0 |a Slovensko 
610 2 0 |a Česko 
610 2 0 |a porovnanie medzinárodné 
610 2 0 |a ukazovatele ekonomické 
610 2 0 |a deficit rozpočtový 
610 2 0 |a produktivita práce 
610 2 0 |a ceny 
610 2 0 |a eurozóna 
100 1 |a Brezina, Ivan, 1963- 
700 1 |a Gertler, Pavel